| 000 | 004310000a22001690004500 | ||
|---|---|---|---|
| 003 | MACL | ||
| 005 | 20160109165205.0 | ||
| 008 | 160109b xxu||||| |||| 00| 0 eng d | ||
| 040 |
_aMACL _cMACL |
||
| 041 | _aEnglish | ||
| 082 | _a910/GOO | ||
| 100 |
_aGoodenough, Lady _930611 |
||
| 245 |
_aThe Chronicle of Muntaner _bvol 2 |
||
| 260 |
_bThe Hakluyt Society _aLondon _c1921 |
||
| 650 |
_aTravel _930612 |
||
| 942 |
_cBK _k910/GOO _2ddc |
||
| 999 |
_c36864 _d36864 |
||